[Event "HUN-chT Csongrad Region"]
[Site "Hungary"]
[Date "2015.11.22"]
[Round "5.4"]
[White "Kelemen, David"]
[Black "Vidakovics, Istvan"]
[Result "1/2-1/2"]
[WhiteElo "1902"]
[BlackElo "1966"]
[PlyCount "58"]
[EventDate "2015.09.20"]
[EventType "team-tourn"]
[EventRounds "9"]
[EventCountry "HUN"]
[SourceTitle "EXT 2017"]
[Source "ChessBase"]
[SourceDate "2016.10.25"]
[SourceVersion "1"]
[SourceVersionDate "2016.10.25"]
[SourceQuality "1"]

1. e4 e5 2. Nf3 Nc6 3. Bb5 a6 4. Ba4 Nf6 5. 0-0 Be7 6. Re1 b5 7. Bb3 0-0 8. a4 Bb7 9. d3 d6 10. c3 d5 11. exd5 Nxd5 12. Nxe5 Nxe5 13. Rxe5 Bd6 14. Re1 Qh4 15. h3 Nf4 16. Bxf4 Qxf4 17. g3 Qf5 18. Qg4 Qxd3 19. Rd1 Rae8 20. Na3 Qe2 21. axb5 Qxb2 22. bxa6 Bxa6 23. Nc4 Bxc4 24. Qxc4 Qe2 25. Ra2 Qxc4 26. Bxc4 g6 27. Bd5 Re5 28. c4 Kg7 29. Ra6 Re2 1/2-1/2

[Event "HUN-chT2 Toth 1516"]
[Site "Hungary"]
[Date "2015.09.13"]
[Round "1.5"]
[White "Kelemen, David"]
[Black "Monus, Zoltan"]
[Result "0-1"]
[WhiteElo "1954"]
[BlackElo "2030"]
[PlyCount "88"]
[EventDate "2015.09.13"]
[EventType "team-tourn"]
[EventRounds "11"]
[EventCountry "HUN"]
[SourceTitle "CBM 170 Extra"]
[Source "ChessBase"]
[SourceDate "2016.02.25"]
[SourceVersion "1"]
[SourceVersionDate "2016.02.25"]
[SourceQuality "1"]
[WhiteTeam "Mako SVSE II"]
[BlackTeam "Oroshaza"]
[WhiteTeamCountry "HUN"]
[BlackTeamCountry "HUN"]

1. e4 e6 2. d4 d5 3. Nd2 Nf6 4. e5 Nfd7 5. Bd3 c5 6. c3 Nc6 7. Ne2 cxd4 8. cxd4 Nb6 9. 0-0 Bd7 10. f4 g6 11. Nf3 a5 12. Nc3 a4 13. Nb5 Nb4 14. f5 Nxd3 15. Qxd3 Ra5 16. Nc3 gxf5 17. Bg5 Be7 18. Bxe7 Qxe7 19. b4 axb3 20. axb3 Qb4 21. Rxa5 Qxa5 22. Qe3 Rg8 23. Rc1 Qa3 24. Ne2 Bc6 25. Ng5 Nc4 26. Qf4 Qxb3 27. Nxh7 Rg6 28. Nf6+ Kd8 29. Rc3 Qd1+ 30. Kf2 Nb2 31. Qh4 Kc7 32. Ne8+ Kd7 33. Nf6+ Kc8 34. Qh8+ Kc7 35. Qf8 Rxg2+ 36. Kxg2 Qxe2+ 37. Kh3 Qf1+ 38. Kh4 Qe1+ 39. Rg3 f4 40. Qd6+ Kb6 41. Nd7+ Ka6 42. Qc5 Bxd7 43. Qc3 Qf2 44. Qa3+ Na4 0-1

[Event "HUN-ch U14"]
[Site "Balatonlelle"]
[Date "2015.06.22"]
[Round "7"]
[White "Kaloczi, Kristof"]
[Black "Kelemen, David"]
[Result "1/2-1/2"]
[WhiteElo "1781"]
[BlackElo "1943"]
[PlyCount "103"]
[EventDate "2015.06.18"]
[EventType "swiss"]
[EventRounds "9"]
[EventCountry "HUN"]
[SourceTitle "CBM 167 Extra"]
[Source "ChessBase"]
[SourceDate "2015.09.14"]
[SourceVersion "1"]
[SourceVersionDate "2015.09.14"]
[SourceQuality "1"]

1. e4 c5 2. Nf3 Nc6 3. d4 cxd4 4. Nxd4 Nf6 5. Nc3 g6 6. Be3 Bg7 7. Be2 0-0 8. 0-0 d6 9. Nb3 Bd7 10. f3 a6 11. a4 Na5 12. Nxa5 Qxa5 13. Kh1 Rfc8 14. Bd4 Be6 15. Nb1 Bc4 16. Bxc4 Rxc4 17. Bc3 Qd8 18. Nd2 Rc6 19. Nb3 Rb8 20. Nd4 Rcc8 21. Qe2 e5 22. Nb3 b5 23. axb5 axb5 24. Rfd1 Qc7 25. Rac1 b4 26. Be1 Nd7 27. Qd3 Nc5 28. Nxc5 dxc5 29. c3 c4 30. Qd6 Bh6 31. Qxc7 Rxc7 32. Ra1 b3 33. Kg1 Rcc8 34. Bd2 Bxd2 35. Rxd2 Ra8 36. Rdd1 Rxa1 37. Rxa1 Rd8 38. Rf1 Kg7 39. Rf2 Rd1+ 40. Rf1 Rd3 41. Rf2 f5 42. exf5 gxf5 43. Re2 Kf6 44. Kf2 Rd5 45. g3 Kg5 46. Re1 Kf6 47. Re2 Rd6 48. Re1 h5 49. Re2 Rd5 50. Re1 Rd2+ 51. Re2 Rd5 52. Re1 1/2-1/2

[Event "HUN-chT2 Toth 1415"]
[Site "Hungary"]
[Date "2014.12.14"]
[Round "6.8"]
[White "Kelemen, David"]
[Black "Mohacsi, Imre"]
[Result "1/2-1/2"]
[WhiteElo "1919"]
[BlackElo "1966"]
[PlyCount "110"]
[EventDate "2014.09.07"]
[EventType "team-tourn"]
[EventRounds "11"]
[EventCountry "HUN"]
[SourceTitle "EXT 2016"]
[Source "ChessBase"]
[SourceDate "2015.10.08"]
[SourceVersion "1"]
[SourceVersionDate "2015.10.08"]
[SourceQuality "1"]
[WhiteTeam "Mako II"]
[BlackTeam "Karcag"]
[WhiteTeamCountry "HUN"]
[BlackTeamCountry "HUN"]

1. e4 c5 2. Nf3 d6 3. d4 cxd4 4. Nxd4 Nf6 5. Nc3 g6 6. Be3 Bg7 7. f3 Nc6 8. Qd2 0-0 9. 0-0-0 d5 10. exd5 Nxd5 11. Nxc6 bxc6 12. Bd4 e5 13. Bc5 Be6 14. Ne4 Re8 15. h4 f5 16. Ng5 Bf6 17. Nxe6 Rxe6 18. Bc4 Bxh4 19. Bxd5 cxd5 20. Qxd5 Bg5+ 21. Kb1 Qxd5 22. Rxd5 a5 23. Rd7 h5 24. Rd6 Rxd6 25. Bxd6 e4 26. fxe4 fxe4 27. Re1 Re8 28. c4 Bd2 29. Re2 e3 30. Kc2 g5 31. Bc5 Rc8 32. Bxe3 Bxe3 33. Rxe3 Rxc4+ 34. Kd2 Rg4 35. Re2 a4 36. b3 axb3 37. axb3 Rg3 38. b4 Rb3 39. Re5 g4 40. Rxh5 Rxb4 41. Ke3 Kg7 42. Re5 Kf6 43. Re4 Rxe4+ 44. Kxe4 g3 45. Kf4 Kg6 46. Kxg3 Kg5 47. Kf3 Kf5 48. g3 Kg5 49. g4 Kg6 50. Kf4 Kf6 51. g5+ Kg6 52. Kg4 Kg7 53. Kh5 Kh7 54. g6+ Kg7 55. Kg5 Kg8 1/2-1/2

[Event "HUN-chT2 Toth 1415"]
[Site "Hungary"]
[Date "2014.11.16"]
[Round "4.9"]
[White "Moczo, Istvan"]
[Black "Kelemen, David"]
[Result "0-1"]
[WhiteElo "1916"]
[BlackElo "1919"]
[PlyCount "68"]
[EventDate "2014.09.07"]
[EventType "team-tourn"]
[EventRounds "11"]
[EventCountry "HUN"]
[SourceTitle "EXT 2016"]
[Source "ChessBase"]
[SourceDate "2015.10.08"]
[SourceVersion "1"]
[SourceVersionDate "2015.10.08"]
[SourceQuality "1"]
[WhiteTeam "Takisz"]
[BlackTeam "Mako II"]
[WhiteTeamCountry "HUN"]
[BlackTeamCountry "HUN"]

1. d4 Nf6 2. c4 g6 3. Nc3 Bg7 4. Nf3 0-0 5. e4 d6 6. Bd3 e5 7. d5 a5 8. Bd2 Ne8 9. h4 Bg4 10. Be2 f5 11. Ng5 Bxe2 12. Qxe2 Qe7 13. Ne6 Rf7 14. h5 f4 15. hxg6 hxg6 16. Qg4 Rf6 17. g3 g5 18. Qxg5 Rxe6 19. Qxe7 Rxe7 20. gxf4 exf4 21. Bxf4 Bxc3+ 22. bxc3 Rxe4+ 23. Be3 Nd7 24. Ke2 Rg4 25. f4 Nef6 26. Kf3 Kf7 27. Rag1 Rxg1 28. Rxg1 Rg8 29. Rh1 Rg7 30. Rh8 Rg8 31. Rh4 Nb6 32. f5 Nbd7 33. Bd4 Rg5 34. Kf4 Rh5 0-1